| 000 | 00699nam a2200241 i 4500 | ||
|---|---|---|---|
| 001 | 7656 | ||
| 003 | ES-MaACL | ||
| 005 | 20230906145304.0 | ||
| 007 | t| | ||
| 008 | 910320s1989 sp ||||1| spa d | ||
| 020 | _a84-89569-88-6 | ||
| 080 | _a305-055.2"04/14" | ||
| 100 | 1 |
_aLabarge, Margaret Wade. _969212 |
|
| 245 | 1 | 3 |
_aLa mujer en la Edad Media / _cMargaret Wade Labarge ; traducción de Nazaret de Terán. |
| 250 | _a2ª ed. | ||
| 260 |
_aMadrid : _bNerea, _c1989. |
||
| 300 |
_a318 p. ; _c22 cm. |
||
| 500 | _aÍndices. | ||
| 504 | _aBibliografía: p. 301-306. | ||
| 650 | 4 |
_aMujeres- _yS.V-XV. _915312 |
|
| 700 | 1 |
_aTerán Bleiberg, Nazaret de. _9109730 |
|
| 852 | 4 |
_aES-MaACL _jL-14934 |
|
| 999 |
_c7656 _d7656 |
||